000 00282nam a2200121Ia 4500
008 190722s9999 xx 000 0 und d
020 _a978-93-325-1864-3
100 _aJon Kleinberg
245 0 _aAlgorithm Design
260 _aIndia
_bPearson
_c2017
300 _a824
942 _cBK
999 _c1133
_d1133